00625cam a22002052 45000010005000000030008000050050017000130080041000300350050000710400027001210410008001480820018001561000028001742450063002022500012002652600048002773000034003255040019003596500041003789883BD-RjUL20211208234845.0140122s1960 enka 00| 0 eng d aOCLC ocm37020329 from D971028Ma(BD-RjUL)9928 aDLCcIULdBD-RjULbeng aeng04a541bSMT 19601 aSmith, Sylvanus Joseph.10a A Text book of physical chemistry /cby Sylvanus J.Smith. a3ed.ed. aLondon :bMacmillan and co., limited,c1960 axii, 354 p. :bill. ;c20 cm. aincludes index 0aChemistry, Physical and theoretical.